[Event "North American op"]
[Site "Las Vegas USA"]
[Date "2023.12.28"]
[Round "5.22"]
[White "Chiku-Ratte, Olivier-Kenta"]
[Black "Perrine, Dalton"]
[Result "1-0"]
[WhiteElo "2323"]
[BlackElo "2184"]
[PlyCount "59"]
[EventDate "2023.12.26"]
[EventType "swiss"]
[EventRounds "9"]
[EventCountry "USA"]
[Source "Mark Crowther"]
[SourceDate "2024.01.01"]

1. d4 d5 2. c4 e6 3. Nf3 Nf6 4. Nc3 Nbd7 5. cxd5 exd5 6. Bf4 Bb4 7. e3 c5 8.
Bd3 Qa5 9. O-O c4 10. Bc2 O-O 11. Ne2 Re8 12. a3 Bf8 13. Nc3 a6 14. Ne5 Qd8 15.
Qf3 Nb6 16. g4 Be6 17. g5 Nfd7 18. Qg3 Nxe5 19. Bxe5 Qd7 20. f3 Nc8 21. Qh4 g6
22. e4 Ne7 23. Rad1 Bg7 24. Bf6 Bh3 25. Rfe1 dxe4 26. Nxe4 Bf5 27. Bxg7 Bxe4
28. Rxe4 Kxg7 29. Qh6+ Kg8 30. Rh4 1-0

[Event "North American op"]
[Site "Las Vegas USA"]
[Date "2023.12.29"]
[Round "8.19"]
[White "Lawson, Eric"]
[Black "Chiku-Ratte, Olivier-Kenta"]
[Result "0-1"]
[WhiteElo "2195"]
[BlackElo "2323"]
[PlyCount "81"]
[EventDate "2023.12.26"]
[EventType "swiss"]
[EventRounds "9"]
[EventCountry "USA"]
[Source "Mark Crowther"]
[SourceDate "2024.01.01"]

1. e4 e5 2. Nf3 Nc6 3. Bc4 Nf6 4. d3 h6 5. O-O d6 6. a4 g5 7. Nc3 Bg4 8. Be3
Bg7 9. h3 Bh5 10. Nd5 Nd7 11. a5 a6 12. c3 Rb8 13. b4 Ne7 14. Nxe7 Qxe7 15. g4
Bg6 16. Re1 c6 17. Bb3 f6 18. Nd2 h5 19. Nf1 hxg4 20. hxg4 Nf8 21. Ng3 Ne6 22.
Nf5 Bxf5 23. exf5 Nc7 24. Bb6 Kd7 25. Kg2 Rh4 26. Qf3 Rbh8 27. Rh1 Bf8 28. Rxh4
Rxh4 29. Rh1 Rxh1 30. Kxh1 d5 31. Be3 Qh7+ 32. Kg2 Bd6 33. Bd2 Nb5 34. Ba4 Kc7
35. Bxb5 axb5 36. d4 exd4 37. cxd4 Qe7 38. Qe3 Bxb4 39. Qg3+ Bd6 40. Bb4 Qe4+
41. f3 0-1

[Event "RA December op"]
[Site "Ottawa CAN"]
[Date "2023.12.08"]
[Round "1.2"]
[White "Huang, Patrick"]
[Black "Chiku-Ratte, Olivier-Kenta"]
[Result "0-1"]
[WhiteElo "2031"]
[BlackElo "2437"]
[PlyCount "82"]
[EventDate "2023.12.08"]
[EventType "swiss"]
[EventRounds "5"]
[EventCountry "CAN"]

1. d4 Nf6 2. c4 c5 3. d5 e6 4. Nc3 exd5 5. cxd5 d6 6. g3 g6 7. Bg2 Bg7 8. Nf3
O-O 9. O-O a6 10. a4 Re8 11. Bf4 Ne4 12. Nxe4 Rxe4 13. Nd2 Rb4 14. Ra2 g5 15.
Be3 f5 16. Nf3 h6 17. h4 g4 18. Nd2 Nd7 19. b3 Ne5 20. Qc2 Qf6 21. Rc1 Bd7 22.
Nc4 Nxc4 23. bxc4 a5 24. Bd2 b6 25. Bxb4 axb4 26. e3 Qe5 27. Bf1 h5 28. Bd3 Kf7
29. Qd1 Ke7 30. Qb3 Kd8 31. Qc2 Kc7 32. Qb3 Qe8 33. Bc2 Be5 34. Kg2 Ra5 35. Rb1
Bc3 36. Bd1 Qa8 37. Qc2 b5 38. cxb5 Qxd5+ 39. Kh2 Bxb5 40. Be2 Bc6 41. Rg1 c4
0-1

[Event "RA December op"]
[Site "Ottawa CAN"]
[Date "2023.12.09"]
[Round "2.2"]
[White "Chiku-Ratte, Olivier-Kenta"]
[Black "Wiebe, Isaac"]
[Result "1-0"]
[WhiteElo "2437"]
[BlackElo "2234"]
[PlyCount "58"]
[EventDate "2023.12.08"]
[EventType "swiss"]
[EventRounds "5"]
[EventCountry "CAN"]

1. d4 d5 2. c4 dxc4 3. Nf3 a6 4. e3 Bg4 5. Bxc4 e6 6. h3 Bh5 7. Nc3 Nc6 8. O-O
Nf6 9. Qe2 Bd6 10. Rd1 O-O 11. Bd3 Qe7 12. g4 Nxg4 13. hxg4 Bxg4 14. Kg2 f5 15.
Rh1 e5 16. Bc4+ Kh8 17. dxe5 Nxe5 18. Nxe5 Qxe5 19. Qc2 Rf6 20. Be2 Rh6 21. f4
Qf6 22. Bd2 Bxf4 23. Bxg4 Rg6 24. Nd5 Rxg4+ 25. Kf1 Qf7 26. Nxf4 Rxf4+ 27. exf4
Qd5 28. Kf2 Re8 29. Rae1 Qd4+ 1-0

[Event "RA December op"]
[Site "Ottawa CAN"]
[Date "2023.12.09"]
[Round "3.2"]
[White "Xu, Daniel"]
[Black "Chiku-Ratte, Olivier-Kenta"]
[Result "0-1"]
[WhiteElo "2357"]
[BlackElo "2437"]
[PlyCount "84"]
[EventDate "2023.12.08"]
[EventType "swiss"]
[EventRounds "5"]
[EventCountry "CAN"]

1. e4 e5 2. Nf3 Nc6 3. Bb5 a6 4. Ba4 Nf6 5. O-O Bc5 6. c3 b5 7. Bb3 d6 8. a4
Bg4 9. d3 Rb8 10. h3 Bh5 11. Nbd2 g5 12. axb5 axb5 13. g4 Bg6 14. Nh2 h5 15.
Qf3 hxg4 16. hxg4 Qe7 17. Re1 Nd7 18. Ndf1 f6 19. Ne3 Qh7 20. Qg3 Nd8 21. Bd2
Bf7 22. Bxf7+ Kxf7 23. b4 Bxe3 24. Bxe3 Ne6 25. Ra7 Rhc8 26. Nf1 Nf4 27. Bxf4
gxf4 28. Qh2 Qg8 29. f3 Ke7 30. Rea1 Nf8 31. d4 Ne6 32. d5 Ng5 33. Qg2 Qh7 34.
Nd2 Kd7 35. R1a6 Qh8 36. Nb3 Ra8 37. Rxa8 Rxa8 38. Ra5 Rg8 39. Nd2 f5 40. exf5
e4 41. Nxe4 Nxe4 42. fxe4 Qxc3 0-1

[Event "RA December op"]
[Site "Ottawa CAN"]
[Date "2023.12.10"]
[Round "4.1"]
[White "Chiku-Ratte, Olivier-Kenta"]
[Black "Sambuev, Bator"]
[Result "1/2-1/2"]
[WhiteElo "2437"]
[BlackElo "2586"]
[PlyCount "100"]
[EventDate "2023.12.08"]
[EventType "swiss"]
[EventRounds "5"]
[EventCountry "CAN"]

1. d4 Nf6 2. c4 e6 3. Nf3 d5 4. Nc3 Bb4 5. Bg5 h6 6. Bxf6 Qxf6 7. e3 O-O 8. Rc1
Qd8 9. a3 Be7 10. c5 a5 11. Bd3 Nc6 12. O-O Bf6 13. Bb5 Ne7 14. b4 g5 15. Ne5
Bg7 16. Qh5 axb4 17. axb4 f6 18. Ng4 Kh7 19. f4 gxf4 20. exf4 Nc6 21. f5 Qe8
22. Qxe8 Rxe8 23. fxe6 f5 24. Ne5 Bxe5 25. dxe5 Bxe6 26. Rcd1 Re7 27. Nxd5 Bxd5
28. Rxd5 Nxe5 29. Rxf5 Ra1+ 30. Rf1 Ra2 31. Bd3+ Kg7 32. Bb1 Rb2 33. Rd4 Rd7
34. Rxd7+ Nxd7 35. c6 bxc6 36. Be4 Rxb4 37. Bxc6 Ne5 38. Rc1 Kf6 39. g3 Ke6 40.
Bg2 Nc4 41. Re1+ Kd6 42. Rd1+ Ke5 43. Rd5+ Kf6 44. Rc5 Rb1+ 45. Kf2 Rb2+ 46.
Kg1 Rb1+ 47. Kf2 Ne5 48. Rxc7 Ng4+ 49. Kf3 Ne5+ 50. Kf2 Ng4+ 1/2-1/2

[Event "RA December op"]
[Site "Ottawa CAN"]
[Date "2023.12.10"]
[Round "5.1"]
[White "Latorre, Vincent"]
[Black "Chiku-Ratte, Olivier-Kenta"]
[Result "1/2-1/2"]
[WhiteElo "2299"]
[BlackElo "2437"]
[PlyCount "145"]
[EventDate "2023.12.08"]
[EventType "swiss"]
[EventRounds "5"]
[EventCountry "CAN"]

1. e4 e5 2. Nf3 Nc6 3. Bc4 Nf6 4. d3 Bc5 5. c3 d6 6. a4 a5 7. O-O Ba7 8. Na3 h6
9. Re1 O-O 10. Be3 Bxe3 11. Rxe3 Ne7 12. Re1 Ng6 13. Bb3 Bg4 14. Nc4 Kh8 15.
Ne3 Bd7 16. Bc2 Nh7 17. d4 Ng5 18. dxe5 Nxf3+ 19. Qxf3 dxe5 20. Bb3 Nf4 21.
Red1 Qe8 22. Rd2 Ne6 23. Bxe6 Bxe6 24. c4 Rd8 25. Rxd8 Qxd8 26. Rd1 Qe7 27. b3
Rd8 28. h3 Rxd1+ 29. Qxd1 c6 30. Qd2 Qa3 31. Qxa5 Qxb3 32. Qxe5 Qxa4 33. c5 Qa5
34. Nf5 Bxf5 35. Qxf5 Qc7 36. e5 Qe7 37. Qc8+ Kh7 38. Qf5+ g6 39. Qf4 Kg7 40.
Qd4 Qe6 41. Qb2 Qe7 42. e6+ Qf6 43. Qxb7 Qxe6 44. Qb2+ Qf6 45. Qb6 Qa1+ 46. Kh2
Qe5+ 47. g3 Qd5 48. h4 h5 49. Qb2+ Kf8 50. Qc3 Ke7 51. Qe3+ Kd7 52. Kg1 Kc8 53.
Qe7 Qd1+ 54. Kh2 Qd7 55. Qe5 Qc7 56. Qh8+ Kb7 57. Qa1 Qe7 58. Qb2+ Kc8 59. Qd4
Qe6 60. Qh8+ Kd7 61. Qd4+ Qd5 62. Qe3 Qe6 63. Qg5 Kc8 64. Qd2 Qd5 65. Qe3 Kb7
66. Qa3 Qc4 67. Qb2+ Qb5 68. Qa3 Kc8 69. Qa8+ Kd7 70. Qf8 Ke6 71. Qd6+ Kf5 72.
Qf4+ Ke6 73. Qd6+ 1/2-1/2

[Event "RA  National Capital op"]
[Site "Ottawa CAN"]
[Date "2023.11.03"]
[Round "1.3"]
[White "Kellar, Ben"]
[Black "Chiku-Ratte, Olivier-Kenta"]
[Result "0-1"]
[WhiteElo "2017"]
[BlackElo "2425"]
[PlyCount "76"]
[EventDate "2023.11.03"]
[EventType "swiss"]
[EventRounds "5"]
[EventCountry "CAN"]

1. c4 Nf6 2. g3 c6 3. Bg2 d5 4. Nf3 Nbd7 5. d4 dxc4 6. a4 a5 7. Na3 Nb6 8. O-O
g6 9. Ne5 Be6 10. e3 Nfd7 11. Nf3 Bd5 12. Qc2 Nf6 13. Ne5 Bg7 14. Naxc4 Nxc4
15. Nxc4 Bxg2 16. Kxg2 h5 17. h4 O-O 18. Bd2 c5 19. Bxa5 Rxa5 20. Nxa5 Qxa5 21.
Qxc5 Qa8 22. Qxe7 Re8 23. Qb4 b5+ 24. Kg1 bxa4 25. Qxa4 Qc8 26. Rfc1 Qf5 27.
Qc6 Kh7 28. Rc5 Qd3 29. Qf3 Re7 30. Rd1 Qb3 31. Re5 Ra7 32. Rd2 Ra1+ 33. Kg2
Qb4 34. Qe2 Qb7+ 35. d5 Qc7 36. d6 Qc1 37. Kf3 Qh1+ 38. Kf4 Bh6+ 0-1

[Event "RA  National Capital op"]
[Site "Ottawa CAN"]
[Date "2023.11.04"]
[Round "2.3"]
[White "Chiku-Ratte, Olivier-Kenta"]
[Black "Moses, Neil"]
[Result "1-0"]
[WhiteElo "2425"]
[BlackElo "2179"]
[PlyCount "169"]
[EventDate "2023.11.03"]
[EventType "swiss"]
[EventRounds "5"]
[EventCountry "CAN"]

1. d4 Nf6 2. c4 e6 3. Nf3 d5 4. g3 c6 5. Bg2 Nbd7 6. Qc2 Bd6 7. O-O O-O 8. Nbd2
Re8 9. Rd1 Qe7 10. e4 dxe4 11. Nxe4 Nxe4 12. Qxe4 e5 13. Bg5 f6 14. Be3 exd4
15. Qxe7 Rxe7 16. Nxd4 Be5 17. Nf5 Re8 18. Nd6 Re7 19. Bh3 Bxd6 20. Rxd6 Kf7
21. Bf1 Ne5 22. h3 Bf5 23. f4 Nd7 24. Kf2 Nb6 25. b3 Rae8 26. Bc5 h5 27. Rd2
Rd7 28. Rxd7+ Nxd7 29. Be3 c5 30. Rd1 b6 31. Be2 Bxh3 32. Bxh5+ g6 33. Bf3 Be6
34. g4 Rc8 35. Bc1 Rc7 36. Bb2 Nf8 37. Rh1 Rd7 38. Ke3 Ke7 39. Rh8 Rd8 40. g5
fxg5 41. fxg5 Kf7 42. Bf6 Rd7 43. Bc6 Rd6 44. Be4 Rd1 45. Bd3 Bf5 46. Be2 Rd6
47. Rh1 Nd7 48. Bc3 a5 49. Rh7+ Ke6 50. Rh8 Bb1 51. a3 Kf5 52. Rh1 Bc2 53. Rg1
Ne5 54. Rc1 Kxg5 55. Bxe5 Re6 56. Rg1+ Kf5 57. Bg4+ Kxe5 58. Bxe6 Kxe6 59. Kd2
Bf5 60. Re1+ Kd6 61. Re8 Kd7 62. Rg8 Kc6 63. Rg7 Bb1 64. Rf7 Bf5 65. Rf6+ Kc7
66. Kc3 Kb7 67. b4 axb4+ 68. axb4 cxb4+ 69. Kxb4 Kc7 70. Kb5 Bd7+ 71. Ka6 Bf5
72. Kb5 Bd7+ 73. Kb4 Bf5 74. Kc3 Bb1 75. Kd4 Bf5 76. Kd5 Bd3 77. Rf7+ Kb8 78.
Re7 Bf1 79. Kd4 Bh3 80. Kc3 Bf5 81. Kb4 Kc8 82. Kb5 Bd3 83. Kc6 Kb8 84. Kxb6
Kc8 85. c5 1-0

[Event "RA  National Capital op"]
[Site "Ottawa CAN"]
[Date "2023.11.04"]
[Round "3.2"]
[White "Campbell, Ryan"]
[Black "Chiku-Ratte, Olivier-Kenta"]
[Result "0-1"]
[WhiteElo "2260"]
[BlackElo "2425"]
[PlyCount "48"]
[EventDate "2023.11.03"]
[EventType "swiss"]
[EventRounds "5"]
[EventCountry "CAN"]

1. e4 e5 2. Nf3 Nc6 3. Bb5 a6 4. Ba4 Nf6 5. O-O b5 6. Bb3 Bc5 7. Nxe5 Nxe5 8.
d4 Bxd4 9. Qxd4 Qe7 10. Bg5 Bb7 11. f4 Nc6 12. Qc3 b4 13. Qc4 Na5 14. Qxc7 Qxe4
15. Qe5+ Kf8 16. Qd6+ Kg8 17. Qd2 Nxb3 18. axb3 Nd5 19. Re1 Qg6 20. Ra5 Qb6+
21. Kh1 Qxa5 22. c4 bxc3 23. Nxc3 h6 24. Bh4 Nxc3 0-1

[Event "RA  National Capital op"]
[Site "Ottawa CAN"]
[Date "2023.11.05"]
[Round "4.1"]
[White "Chiku-Ratte, Olivier-Kenta"]
[Black "Sambuev, Bator"]
[Result "1/2-1/2"]
[WhiteElo "2425"]
[BlackElo "2575"]
[PlyCount "138"]
[EventDate "2023.11.03"]
[EventType "swiss"]
[EventRounds "5"]
[EventCountry "CAN"]

1. d4 Nf6 2. c4 e6 3. Nf3 d5 4. Nc3 Bb4 5. cxd5 exd5 6. Qa4+ Nc6 7. Bg5 h6 8.
Bh4 Bf5 9. e3 O-O 10. Be2 g5 11. Bg3 Ne4 12. Qb3 h5 13. a3 Bxc3+ 14. bxc3 Na5
15. Qb4 b6 16. h3 c5 17. Qb2 Nxg3 18. fxg3 Qd6 19. Kf2 Rae8 20. Rhe1 f6 21.
Rad1 c4 22. Bf1 Rf7 23. Qb4 Qxb4 24. axb4 Nb3 25. Re2 a5 26. bxa5 bxa5 27. Ra2
Ra7 28. Nd2 Rb8 29. Be2 g4 30. hxg4 hxg4 31. Nxc4 dxc4 32. Bxc4+ Kg7 33. Bd5 a4
34. e4 Bd7 35. Ke3 Na5 36. c4 Rb3+ 37. Rd3 Bc6 38. Bxc6 Rxd3+ 39. Kxd3 Nxc6 40.
Ra3 Kf7 41. c5 Ke7 42. Kc4 Kd7 43. d5 Ne5+ 44. Kb4 Kc7 45. c6 Kb6 46. Rxa4 Nd3+
47. Ka3 Rxa4+ 48. Kxa4 Nc5+ 49. Kb4 Nxe4 50. Kc4 Nxg3 51. Kd4 Nf1 52. Ke4 g3
53. Kf4 Kc7 54. Kf3 Kd6 55. Kf4 Nd2 56. Kxg3 Ke5 57. c7 Ne4+ 58. Kh4 Nd6 59. g4
Kf4 60. Kh5 Nc8 61. Kg6 Ke5 62. Kf7 Nd6+ 63. Ke7 Nc8+ 64. Kd8 Nb6 65. c8=Q Nxc8
66. Kxc8 Kxd5 67. Kd7 Ke5 68. Ke7 Kf4 69. Kxf6 Kxg4 1/2-1/2

[Event "RA  National Capital op"]
[Site "Ottawa CAN"]
[Date "2023.11.05"]
[Round "5.1"]
[White "Sai Krishna, GV."]
[Black "Chiku-Ratte, Olivier-Kenta"]
[Result "1/2-1/2"]
[WhiteElo "2501"]
[BlackElo "2425"]
[PlyCount "36"]
[EventDate "2023.11.03"]
[EventType "swiss"]
[EventRounds "5"]
[EventCountry "CAN"]

1. e4 e5 2. Nf3 Nc6 3. Bb5 a6 4. Ba4 d6 5. O-O Bd7 6. d4 Nxd4 7. Bxd7+ Qxd7 8.
Nxd4 exd4 9. Qxd4 Nf6 10. b3 Be7 11. Bb2 O-O 12. Nc3 c6 13. Rad1 Qe6 14. Rfe1
Rad8 15. Ne2 Qe5 16. Ng3 Qxd4 17. Bxd4 g6 18. Rd3 Rfe8 1/2-1/2

[Event "Pion Frigant"]
[Site "Contrecoeur CAN"]
[Date "2023.10.06"]
[Round "1.1"]
[White "Pomerantz, Daniel"]
[Black "Chiku-Ratte, Olivier-Kenta"]
[Result "0-1"]
[WhiteElo "2150"]
[BlackElo "2408"]
[PlyCount "94"]
[EventDate "2023.10.06"]
[EventType "swiss"]
[EventRounds "5"]
[EventCountry "CAN"]

1. e4 e5 2. Nf3 Nc6 3. Bb5 a6 4. Ba4 Nf6 5. d3 d6 6. c3 Bd7 7. O-O g6 8. Re1
Bg7 9. Nbd2 O-O 10. Nf1 h6 11. Ng3 Re8 12. Qe2 a5 13. Bc2 a4 14. Bd2 Qb8 15. b4
axb3 16. axb3 Ra7 17. Qf1 Bg4 18. Rxa7 Nxa7 19. Ra1 d5 20. Ne1 Nc6 21. f3 Be6
22. b4 Rd8 23. Qf2 b6 24. b5 Ne7 25. Qe2 Qb7 26. Qd1 Nd7 27. Ra3 Nc5 28. Qa1
Bd7 29. c4 dxc4 30. dxc4 Be6 31. Bc3 f6 32. Qa2 Nc8 33. Bb4 Nd6 34. Ra7 Qc8 35.
Bxc5 Nxb5 36. Be7 Nxa7 37. Bxd8 Nc6 38. Bxf6 Bxf6 39. Bd3 Qd7 40. Ne2 Nb4 41.
Qb3 Qd6 42. Bb1 Qc5+ 43. Kh1 Bxc4 44. Qd1 Qf2 45. Ng1 Qd4 46. Qa4 Bf7 47. Ne2
Qd2 0-1

[Event "Pion Frigant"]
[Site "Contrecoeur CAN"]
[Date "2023.10.07"]
[Round "2.1"]
[White "Chiku-Ratte, Olivier-Kenta"]
[Black "Batorshyn, Ilia	"]
[Result "1-0"]
[WhiteElo "2408"]
[BlackElo "2211"]
[PlyCount "119"]
[EventDate "2023.10.06"]
[EventType "swiss"]
[EventRounds "5"]
[EventCountry "CAN"]

1. d4 Nf6 2. c4 e6 3. Nf3 d5 4. g3 Be7 5. Bg2 O-O 6. O-O dxc4 7. Qc2 a6 8. a4
b5 9. Ng5 Ra7 10. axb5 h6 11. Nf3 Bb7 12. Nc3 c5 13. b6 Qxb6 14. dxc5 Qb3 15.
Qxb3 cxb3 16. Na4 Nbd7 17. Be3 Nd5 18. Bd4 Bc6 19. Nd2 Bxa4 20. Rxa4 Bxc5 21.
Bxd5 exd5 22. Nxb3 Bxd4 23. Nxd4 Rb7 24. b4 Rb6 25. Rc1 Nf6 26. f3 Kh7 27. Rc7
Rfb8 28. Rxf7 Rxb4 29. Rxb4 Rxb4 30. Ne6 Ne8 31. Re7 Rb8 32. Ra7 Rb6 33. Nf8+
Kg8 34. Nd7 Re6 35. Kf2 Re7 36. Nf6+ Kf7 37. Rxe7+ Kxe7 38. Nxd5+ Kd6 39. e4 a5
40. Ke3 Kc5 41. Kd3 Nd6 42. Nc3 Kb4 43. e5 Nc8 44. Kd4 Kb3 45. e6 Nd6 46. Ne4
Ne8 47. e7 a4 48. Nc5+ Kb4 49. Nxa4 Kxa4 50. Kc5 Kb3 51. Kd5 Kc3 52. Ke6 Kd4
53. Kf7 Nd6+ 54. Kxg7 Ke3 55. f4 Ke4 56. Kg6 h5 57. f5 Ke5 58. f6 Ke6 59. e8=Q+
Nxe8 60. f7 1-0

[Event "Pion Frigant"]
[Site "Contrecoeur CAN"]
[Date "2023.10.07"]
[Round "3.1"]
[White "Tanaka, Tyler"]
[Black "Chiku-Ratte, Olivier-Kenta"]
[Result "1/2-1/2"]
[WhiteElo "2328"]
[BlackElo "2408"]
[PlyCount "45"]
[EventDate "2023.10.06"]
[EventType "swiss"]
[EventRounds "5"]
[EventCountry "CAN"]

1. e4 e5 2. Nf3 Nc6 3. d4 exd4 4. Nxd4 Qf6 5. Nb5 Bc5 6. Qe2 Bb6 7. N1c3 Nge7
8. Be3 Ba5 9. O-O-O O-O 10. Nd5 Nxd5 11. exd5 Ne5 12. f4 Ng6 13. g3 a6 14. Bd4
Qe7 15. Nc3 Qxe2 16. Bxe2 Re8 17. Bf3 d6 18. h4 Ne7 19. Rde1 Bd7 20. g4 h5 21.
gxh5 Nf5 22. Bf2 Bxc3 23. bxc3 1/2-1/2

[Event "Pion Frigant"]
[Site "Contrecoeur CAN"]
[Date "2023.10.08"]
[Round "4.2"]
[White "Chiku-Ratte, Olivier-Kenta"]
[Black "Di Matteo, Alessio"]
[Result "1-0"]
[WhiteElo "2408"]
[BlackElo "2017"]
[PlyCount "68"]
[EventDate "2023.10.06"]
[EventType "swiss"]
[EventRounds "5"]
[EventCountry "CAN"]

1. c4 Nf6 2. Nc3 e5 3. e3 c6 4. Nf3 e4 5. Nd4 g6 6. Qc2 Qe7 7. g4 Nxg4 8. Qxe4
f5 9. Qxe7+ Bxe7 10. h3 Ne5 11. f4 Bh4+ 12. Kd1 Nf7 13. b3 Na6 14. Bb2 O-O 15.
Nxf5 Bf6 16. Ng3 Nc7 17. h4 d5 18. Kc2 Nd6 19. cxd5 cxd5 20. Bd3 Be6 21. Rag1
Na6 22. Ba3 Be7 23. h5 d4 24. exd4 Rxf4 25. Re1 Ne4 26. Rxe4 Bxa3 27. Rxf4 Nb4+
28. Kb1 Nxd3 29. Rf3 Nb4 30. hxg6 hxg6 31. Rf6 Bd7 32. Rxg6+ Kf7 33. Rd6 Ke7
34. Rxd7+ Ke8 1-0

[Event "Pion Frigant"]
[Site "Contrecoeur CAN"]
[Date "2023.10.08"]
[Round "5.1"]
[White "Latorre, Vincent"]
[Black "Chiku-Ratte, Olivier-Kenta"]
[Result "0-1"]
[WhiteElo "2204"]
[BlackElo "2408"]
[PlyCount "66"]
[EventDate "2023.10.06"]
[EventType "swiss"]
[EventRounds "5"]
[EventCountry "CAN"]

1. e4 e5 2. Nf3 Nc6 3. Bc4 Nf6 4. d3 h6 5. c3 d6 6. a4 g6 7. O-O Bg7 8. a5 a6
9. b4 O-O 10. Qb3 Qe7 11. Re1 Kh8 12. Nbd2 Nh7 13. Bd5 Bd7 14. c4 Ng5 15. Bb2
Ne6 16. c5 Nf4 17. Bxc6 Bxc6 18. d4 Bb5 19. dxe5 dxe5 20. Nf1 Rad8 21. Rad1 Nd3
22. Ne3 Nxe1 23. Rxe1 c6 24. Ng4 Rd3 25. Bc3 f6 26. Ne3 Qf7 27. Qc2 Rfd8 28. h4
h5 29. Nd1 Qc4 30. Qc1 Rxd1 31. Rxd1 Rxd1+ 32. Qxd1 Qxc3 33. Qd8+ Kh7 0-1

[Event "RA Fall op"]
[Site "Ottawa CAN"]
[Date "2023.09.29"]
[Round "1.2"]
[White "Moses, Neil"]
[Black "Chiku-Ratte, Olivier-Kenta"]
[Result "0-1"]
[WhiteElo "2132"]
[BlackElo "2398"]
[PlyCount "104"]
[EventDate "2023.09.29"]
[EventType "swiss"]
[EventRounds "5"]
[EventCountry "CAN"]

1. e4 e5 2. Nf3 Nc6 3. d4 exd4 4. Nxd4 Qf6 5. c3 Bc5 6. Be3 Nge7 7. Be2 d5 8.
Bf3 dxe4 9. Bxe4 Nxd4 10. Bxd4 Bxd4 11. Qxd4 Qxd4 12. cxd4 c6 13. Nc3 Be6 14.
O-O-O O-O-O 15. Rhe1 Rd6 16. Rd2 Rhd8 17. Red1 h6 18. g3 Nd5 19. Nxd5 Bxd5 20.
Bxd5 Rxd5 21. h4 h5 22. Kc2 Re8 23. Kc3 Kc7 24. Rd3 Rf5 25. R1d2 Kd6 26. a4 Re1
27. Kc4 Ra1 28. Kb4 Rf1 29. f4 Re1 30. Kc4 Rd5 31. Rb3 Kc7 32. Kd3 Ra1 33. Re2
Rd1+ 34. Kc2 R1xd4 35. Re7+ Rd7 36. Re5 Rxa4 37. Rxh5 Re4 38. Rh7 Re2+ 39. Kb1
g6 40. h5 gxh5 41. Rxh5 f6 42. Rh6 Rg7 43. Rxf6 Rg2 44. Rf8 R2xg3 45. Rxg3 Rxg3
46. f5 a5 47. f6 Kb6 48. Kc2 Rf3 49. f7 Kb5 50. Kd2 Kb4 51. Ke2 Rf6 52. Ke3 Kb3
0-1

[Event "RA Fall op"]
[Site "Ottawa CAN"]
[Date "2023.09.30"]
[Round "2.2"]
[White "Chiku-Ratte, Olivier-Kenta"]
[Black "Martinez Mulet, Dario Leonel"]
[Result "1-0"]
[WhiteElo "2398"]
[BlackElo "2229"]
[PlyCount "75"]
[EventDate "2023.09.29"]
[EventType "swiss"]
[EventRounds "5"]
[EventCountry "CAN"]

1. c4 Nf6 2. Nf3 c6 3. e3 d5 4. Nc3 e6 5. b3 Nbd7 6. Qc2 b6 7. Bb2 Bb7 8. Rg1
dxc4 9. bxc4 c5 10. Be2 h5 11. O-O-O a6 12. Kb1 Qc7 13. Ng5 Be7 14. f4 Rf8 15.
g3 O-O-O 16. h3 Nb8 17. Qb3 Nc6 18. Na4 Nd7 19. Bxg7 Bxg5 20. Bxf8 Bf6 21. Bh6
Na5 22. Qc2 Bc6 23. d4 cxd4 24. exd4 Nxc4 25. Qxc4 b5 26. Qxc6 Qxc6 27. Rc1
Qxc1+ 28. Rxc1+ Kb8 29. Nc5 Nxc5 30. dxc5 Rd4 31. Rc2 Rb4+ 32. Kc1 Bd4 33. Kd2
Bf2 34. Bxh5 f6 35. Bf8 Bxg3 36. Bd6+ Kc8 37. Ke3 Ra4 38. c6 1-0

[Event "RA Fall op"]
[Site "Ottawa CAN"]
[Date "2023.09.30"]
[Round "3.2"]
[White "Lin, Leo"]
[Black "Chiku-Ratte, Olivier-Kenta"]
[Result "0-1"]
[WhiteElo "2211"]
[BlackElo "2398"]
[PlyCount "52"]
[EventDate "2023.09.29"]
[EventType "swiss"]
[EventRounds "5"]
[EventCountry "CAN"]

1. e4 e5 2. Nf3 Nc6 3. d4 exd4 4. Nxd4 Qf6 5. Nxc6 dxc6 6. Bc4 Bd6 7. O-O Qe5
8. g3 Bh3 9. Re1 O-O-O 10. Qf3 Nf6 11. Qc3 Qh5 12. Be2 Bg4 13. f3 Be6 14. Be3
Qg6 15. Bf2 Nd7 16. Qa5 f5 17. Qxa7 f4 18. Ba6 Ne5 19. Qxb7+ Kd7 20. Be2 Ra8
21. Ba7 fxg3 22. h4 Qf6 23. Kg2 Ng6 24. Nd2 Nf4+ 25. Kg1 Qxh4 26. Nf1 Qh3 0-1

[Event "RA Fall op"]
[Site "Ottawa CAN"]
[Date "2023.10.01"]
[Round "4.1"]
[White "Chiku-Ratte, Olivier-Kenta"]
[Black "Sambuev, Bator"]
[Result "1/2-1/2"]
[WhiteElo "2398"]
[BlackElo "2578"]
[PlyCount "100"]
[EventDate "2023.09.29"]
[EventType "swiss"]
[EventRounds "5"]
[EventCountry "CAN"]

1. d4 Nf6 2. c4 e6 3. Nf3 d5 4. Nc3 Be7 5. Bg5 h6 6. Bh4 O-O 7. e3 b6 8. cxd5
Nxd5 9. Bxe7 Qxe7 10. Rc1 Bb7 11. Be2 Rc8 12. O-O Nxc3 13. Rxc3 Nd7 14. Qa4 c5
15. Qa3 e5 16. dxc5 Rxc5 17. Rxc5 Nxc5 18. Qc3 Bxf3 19. Bxf3 Rd8 20. Rd1 Rxd1+
21. Bxd1 Qd6 22. Bc2 a5 23. a3 g6 24. h4 h5 25. b4 axb4 26. axb4 Ne6 27. Bb3
Qc7 28. Qd3 Nf8 29. g3 Kg7 30. Qd5 Nh7 31. Qc4 Qe7 32. Qb5 Qf6 33. Qe2 Qf5 34.
Qc2 Qxc2 35. Bxc2 Nf6 36. e4 Ne8 37. f4 Nc7 38. fxe5 b5 39. Kf2 Na6 40. Bd3
Nxb4 41. Bxb5 Nc2 42. Ba4 Nd4 43. Ke3 Ne6 44. Bb3 Nc5 45. Bc4 Nd7 46. Kd4 f6
47. exf6+ Kxf6 48. Bb5 Ne5 49. Be8 Nf3+ 50. Ke3 Ne5 1/2-1/2

[Event "RA Fall op"]
[Site "Ottawa CAN"]
[Date "2023.10.01"]
[Round "5.2"]
[White "Dukic, Zachary"]
[Black "Chiku-Ratte, Olivier-Kenta"]
[Result "1-0"]
[WhiteElo "2337"]
[BlackElo "2398"]
[PlyCount "95"]
[EventDate "2023.09.29"]
[EventType "swiss"]
[EventRounds "5"]
[EventCountry "CAN"]

1. e4 c5 2. Nf3 d6 3. d4 cxd4 4. Nxd4 Nf6 5. Nc3 Nc6 6. Bg5 e6 7. Qd2 a6 8.
O-O-O Bd7 9. f4 Be7 10. Nf3 b5 11. Bxf6 gxf6 12. f5 Qb6 13. Qh6 O-O-O 14. Qh5
Rhf8 15. Kb1 Kb8 16. g3 Rc8 17. fxe6 fxe6 18. Bh3 Be8 19. Qxh7 Bf7 20. Ne2 Qc5
21. Nfd4 Nxd4 22. Nxd4 Qe5 23. Nf3 Qh5 24. Qxh5 Bxh5 25. Rd3 f5 26. exf5 e5 27.
Nd2 Rcd8 28. g4 Bf7 29. Bg2 d5 30. h4 e4 31. Rdh3 Bc5 32. Rf1 Rde8 33. Nb3 Bb6
34. c3 b4 35. Nd4 bxc3 36. bxc3 Bc7 37. g5 Bh5 38. Re3 Bg4 39. Bh3 Bxh3 40.
Rxh3 e3 41. Re1 Bf4 42. Ne6 Rxf5 43. Ng7 d4 44. Nxf5 d3 45. Rexe3 Bxe3 46. Rxe3
Rf8 47. Rf3 d2 48. Kc2 1-0

[Event "Toronto op"]
[Site "Toronto CAN"]
[Date "2023.09.02"]
[Round "1"]
[White "Chiku-Ratte, Olivier-Kenta"]
[Black "Moon, Ethan"]
[Result "1-0"]
[WhiteElo "2316"]
[BlackElo "1858"]
[PlyCount "67"]
[EventDate "2023.09.02"]
[EventType "swiss"]
[EventRounds "6"]
[EventCountry "CAN"]

1. d4 d5 2. c4 e6 3. Nf3 c6 4. Qc2 Nf6 5. g3 Nbd7 6. Bg2 Be7 7. O-O O-O 8. Nbd2
Re8 9. e4 dxe4 10. Nxe4 Nxe4 11. Qxe4 Nf6 12. Qe2 Qb6 13. c5 Qd8 14. Rd1 Nd5
15. Ne5 Bf8 16. Be4 Qe7 17. h4 f5 18. Bg2 Qc7 19. Nc4 Bd7 20. Qe5 Qxe5 21. Nxe5
Nf6 22. b4 a6 23. Nc4 Rad8 24. Bf4 Bc8 25. Be5 Nd5 26. Bxd5 exd5 27. Nb6 Re6
28. f4 Be7 29. a4 Bd7 30. Bc7 Be8 31. Re1 Re4 32. Rxe4 dxe4 33. Bxd8 Bxd8 34.
Nc4 1-0

[Event "Toronto op"]
[Site "Toronto CAN"]
[Date "2023.09.02"]
[Round "2"]
[White "Campbell, Ryan"]
[Black "Chiku-Ratte, Olivier-Kenta"]
[Result "0-1"]
[WhiteElo "2178"]
[BlackElo "2316"]
[PlyCount "76"]
[EventDate "2023.09.02"]
[EventType "swiss"]
[EventRounds "6"]
[EventCountry "CAN"]

1. e4 e5 2. Nf3 Nc6 3. Bb5 a6 4. Ba4 Nf6 5. O-O d6 6. Re1 Bd7 7. c3 g6 8. d4
Bg7 9. Bc2 O-O 10. h3 a5 11. d5 Ne7 12. c4 h6 13. Nc3 Nh7 14. Nh2 Kh8 15. f4 f5
16. fxe5 dxe5 17. exf5 gxf5 18. Nf3 Ng6 19. Ne2 e4 20. Nh2 Qh4 21. Rf1 Be5 22.
Bd2 Rg8 23. Qe1 Ng5 24. Kh1 Nxh3 25. gxh3 Qxh3 26. Qf2 Nh4 27. Bf4 Bxb2 28.
Rab1 Bf6 29. Rg1 Nf3 30. Rg3 Qh5 31. Bxc7 Bh4 32. Rh3 Qg6 33. Rxh4 Nxh4 34.
Be5+ Kh7 35. Nf4 Qe8 36. Qxh4 Qxe5 37. Rxb7 Qa1+ 38. Rb1 Qxa2 0-1